Datum a čas kvízu
35.5
Celkem bodů
Celkový počet nahraných bodů na tomto kvízu bez doplňovacích otázek.
3.
Pořadí na kvízu
Konečné umístění týmu na tomto kvízu.
Zaznamenané odpovědi
| # | Otázka | Odpověď | Body | Výsledky |
|---|---|---|---|---|
| 1. | Minulý týden se konala velmi k... | zadek | 1 | |
| 2. | Sarah Mullally stanula minulý... | o anglikánskou církev | 0 | |
| 3. | Minulé pondělí bylo oznámeno p... | Simpsonovi ve filmu | 0 | |
| 4. | Od 1. října 2025 došlo na Leti... | 2 000 mililitrů | 0 | |
| 5. | Česká republika má od minulého... | Linda Nosková | 0 | |
| 6. | Wikipedii s nejvyšší pravděpod... | z havajštiny | 0 | |
| 7. | Fanoušci kvízu občas jistě se... | A | 1 | |
| 8. | Dobrým zdrojem informací jsou... | Michal Suchánek, Richard Genzer | 0 | |
| 9. | Mnemotechnické pomůcky se hodí... | barvy duhy (pořadí) | 0 | |
| 10. | Někdy však k úspěchu v kvízu s... | 1D 2A 3B 4C | 1 |